Géographie - Les affluents de la Loire - Statistiques

Statistiques générales
  • Ce quiz a été pris 88 fois
    49 depuis la dernière actualisation
  • Le résultat moyen est 7 sur 26
Statistiques - réponses
Rive Initiale Réponse % Correct
Gauche C Cher
89%
Gauche A Allier
82%
Gauche I Indre
77%
Gauche V Vienne
73%
Droite M Maine
59%
Gauche S Sèvre Nantaise
50%
Droite N Nièvre
45%
Droite E Erdre
34%
Gauche B Beuvron
18%
Gauche T Thouet
18%
Droite A Aron
16%
Droite A Arroux
16%
Droite A Authion
16%
Gauche L Layon
16%
Droite A Arconce
11%
Droite C Cisse
11%
Droite LdV Lignon du Velay
11%
Gauche V Vauvise
11%
Gauche A Acolin
9%
Gauche A Ance
9%
Gauche E Evre
9%
Gauche LdF Lignon du Forez
9%
Droite R Rhins
9%
Gauche B Besbre
7%
Droite G Gazeille
5%
Gauche A Acheneau
0%
Aucun quiz correspondant
Distribution des résultats
% des personnes avec chaque résultat
Percentile par nombre de réponses
Votre historique - résultats
Vous n’avez pas pris ce quiz depuis la dernière actualisation